000 00781cam a2200253 i 4500
001 109069
005 20230404125950.0
008 130325b2008 fr a 000 0 fre
020 _a9782916132181
041 0 _afre
050 1 4 _a103 F 2647
_bL886p 2008
082 0 0 _a918.174 04
100 1 _aLoude, Jean-Yves
245 1 0 _aPlanète Brasília /
_cJean-Yves Loude ; photographies de Viviane Lièvre.
260 _aCambes :
_bTertium,
_c2008
300 _a122 p.
440 0 _aPays d'encre, Littérature
651 0 _aBrasília (Brazil)
_xDescription and travel
651 0 _aBrasília (Distrito Federal, Brazil)
_xDescription and travel.
651 4 _aBrasilia (Brasil)
_xDescripciones y viajes.
700 1 _aLièvre, Viviane,
_d1950-
942 _2lcc
_cbk
946 _aYSL
999 _c8232
_d8232